00290nam a2200109Ia 4500008004100000082001600041100002200057245004500079250000800124260004000132300000800172191201s2010 xx 000 0 und d a004.22bGID aGill, Nasib Singh 0aDigital Design and computer organisation aRep c2010bLaxmi PublicationsaNEW DELHI a394